Statistics for Guess the 1970s song lyrics #175

Click here to take the quiz!

General Stats

  • This quiz has been taken 10 times
  • The average score is 187 of 241

Answer Stats

Answer% Correct
we
100%
you
100%
a
90%
all
90%
All
90%
And
90%
and
90%
do
90%
For
90%
for
90%
go
90%
it
90%
make
90%
Make
90%
me
90%
no
90%
on
90%
On
90%
the
90%
way
90%
we'll
90%
come
80%
dream
80%
dreams
80%
gonna
80%
is
80%
our
80%
take
80%
that
80%
true
80%
We're
80%
yes
80%
your
80%
Doing
70%
get
70%
Give
70%
know
70%
Never
70%
There
70%
This
70%
us
70%
won't
70%
any
60%
back
60%
break
60%
chance
60%
Got
60%
heard
60%
impossible
60%
nothing
60%
now
60%
rule
60%
there's
60%
time
60%
try
60%
word
60%
just
50%
mark
50%
Read
50%
set
50%
stopping
50%
Nothing's
40%
ahead
30%
Straight
30%
track
30%
turn
30%

Score Distribution

Percentile by Number Answered

Percent of People with Each Score

Your Score History

You have not taken this quiz